000 00676nam a2200205Ia 4500
008 220216s9999 xx 000 0 und d
100 _aMenon A.R.R.
245 0 _aProcessability characteristics and physico-mechanical properties of natural rubber modified with cashewnut shell liquid and cashewnut shell liquid-formaldehyde resin
260 _bEuropean Polymer Journal
_c2002
300 _a163-168
650 _aCashewnut shell liquid
650 _aNatural rubber
650 _aPhysicomechanical property
650 _aProcessing property
700 _aAigbodion A.I.
700 _aBhagwan S.S.
700 _aMathew N.M.
700 _aPillai C.K.S.
942 _cBS
999 _c50884
_d50884